01017nam a22002897a 4500999001500000003000400015005001700019008004100036020001500077040002000092100004300112245011100155250001100266260002900277300002000306490002000326504001200346600004500358650003400403650005400437700004200491700002400533700002400557700002400581942001300605952010900618 c6899d6899OSt20260515062531.0151126s1978 sp ||||| |||| 00| 0 cat d a8472226344 aCDMRbcatcCDMR1 aHuertas, Josep Mariad1939-2007‏92810aLa presó: quatre morts, vuit mesos i vint diesb: El cas Huertas ClaveriacAgustí de Semir... [et al.] a1a ed. aBarcelona:bLaia,c1978. a280 p. ;c20 cm1 aLes eines ;v36 aÍndex17aHuertas, Josep Mariad1939-2007‏29280493073aLlibertat d'expressió0493703aEspanyaxHistòriay1975-1982, Transició1 94601aSemir, Agustí de, d1918-20061 94602aSales, Ferran1 91954aRoma, Humbert1 94603aMorell, Sussi 2udccMON 00104070aCDMRbCDMRd2015-11-26l1m1oDu 7/44pCDMR15110008r2016-04-04s2016-03-01w2015-11-26yMON